| 000 | 00552cam a22001932 4500 | ||
|---|---|---|---|
| 001 | 0000000721 | ||
| 005 | 20170406112827.0 | ||
| 008 | 131118s xx 000 0 eng d | ||
| 020 | _c$ | ||
| 040 |
_aYour Holding Symbol _cYour Holding Symbol |
||
| 100 | 1 | _aKlubertanz,SJ.P.George. | |
| 245 | 1 | 0 |
_aintroduction to : _bthe philosophy of being. |
| 250 | _a ed. | ||
| 260 |
_anew york : _bdivision of meredith publishing company, _c1955. |
||
| 300 |
_a 336p. ; _c cm. |
||
| 504 | _aindex. | ||
| 650 | 0 | _aphilosophy. | |
| 908 | _a131118 | ||
| 999 |
_c645 _d645 |
||